Music Quiz

Random Music or Blitz Quiz

Multi-Category Music Blitz Quiz Stats

Quiz Updated Jul 5, 2015

Challenge
Share
Tweet
Embed
Score 0/30 Timer 04:00
4 Plays Today
Hint Answer % Correct
Solo Artist by #1 SingleElvis Presley
95.8%
Solo Artist by #1 SingleCeline Dion
94.1%
Solo Artist by #1 SingleWhitney Houston
93.3%
Begins with PPiano
88.1%
Begins with PPrince
83.1%
Solo Artist by #1 SingleShakira
82.7%
Bands by Song Title WordsPink Floyd
80.9%
Solo Artist by #1 SingleBing Crosby
79.8%
'The' + One Word BandsThe Who
78.1%
Bands by Song Title WordsLed Zeppelin
77.9%
'The' + One Word BandsThe Supremes
77.3%
Begins with PPolka
71.9%
Four-Letter MusicBach
70.7%
'The' + One Word BandsThe Kinks
65%
Begins with PPercussion
64.7%
Hint Answer % Correct
Four-Letter MusicRuby
63.1%
Begins with PPurple Haze
61.6%
Bands by Song Title WordsABBA
53%
Four-Letter MusicBeck
49.5%
Four-Letter MusicJude
47.2%
East Coast Hip Hop ArtistsNicki Minaj
46%
Four-Letter MusicLyre
43.5%
Bands by Song Title WordsPearl Jam
38.6%
East Coast Hip Hop Artists50 Cent
36.2%
'The' + One Word BandsThe Killers
33.3%
East Coast Hip Hop ArtistsWiz Khalifa
29.7%
East Coast Hip Hop ArtistsRZA, GZA, U-God...
28.6%
'The' + One Word BandsThe Band
28.3%
Bands by Song Title WordsFun.
26.2%
East Coast Hip Hop ArtistsSean Combs
25.3%

You're not logged in!

Compare scores with friends on all Sporcle quizzes.
Sign Up with Email
OR
Log In

You Might Also Like...

Show Comments

Extras

Top Quizzes Today


Score Distribution

Your Account Isn't Verified!

In order to create a playlist on Sporcle, you need to verify the email address you used during registration. Go to your Sporcle Settings to finish the process.